Normal view
MARC view
- Gupta, B K
Entry Personal Name
001 - CONTROL NUMBER
- control field: 6003
003 - CONTROL NUMBER IDENTIFIER
- control field: OSt
005 - DATE AND TIME OF LATEST TRANSACTION
- control field: 20240213150219.0
008 - FIXED-LENGTH DATA ELEMENTS
- fixed length control field: 240213|| aca||aabn | a|a d
040 ## - CATALOGING SOURCE
- Original cataloging agency: OSt
- Transcribing agency: OSt
100 ## - HEADING--PERSONAL NAME
- Personal name: Gupta, B K
670 ## - SOURCE DATA FOUND
- Source citation: Work cat.: (OSt)104: Gupta, R B. 6002, Tractor mechanics : theory, maintenance and repair / , 1987.
